All Superbowl Champions - Statistiques

Statistiques générales
  • Ce quiz a été pris 27 fois
  • Le résultat moyen est 46 sur 60
Statistiques - réponses
an Réponse % Correct
2021 Buccaneers
91%
2003 Buccaneers
91%
2024 Chiefs
91%
2023 Chiefs
91%
2020 Chiefs
91%
1970 Chiefs
91%
2026 Seahawks
91%
2014 Seahawks
91%
2019 Patriots
87%
2017 Patriots
87%
2015 Patriots
87%
2005 Patriots
87%
2004 Patriots
87%
2002 Patriots
87%
2013 Ravens
87%
2001 Ravens
87%
2022 Rams
83%
2000 Rams
83%
1996 Cowboys
78%
1994 Cowboys
78%
1993 Cowboys
78%
1978 Cowboys
78%
1972 Cowboys
78%
1974 Dolphins
78%
1973 Dolphins
78%
2025 Eagles
78%
2018 Eagles
78%
2011 Packers
78%
1997 Packers
78%
1968 Packers
78%
1967 Packers
78%
1995 49ers
74%
1990 49ers
74%
1989 49ers
74%
1985 49ers
74%
1982 49ers
74%
1986 Bears
74%
2012 Giants
74%
2008 Giants
74%
1991 Giants
74%
1987 Giants
74%
2009 Steelers
74%
2006 Steelers
74%
1980 Steelers
74%
1979 Steelers
74%
1976 Steelers
74%
1975 Steelers
74%
2007 Colts
70%
1971 Colts
70%
1969 Jets
70%
2016 Broncos
65%
1999 Broncos
65%
1998 Broncos
65%
1984 Raiders
65%
1981 raiders
65%
1977 Raiders
65%
2010 Saints
61%
1992 Redskins
52%
1988 Redskins
52%
1983 Redskins
52%
Aucun quiz correspondant
Distribution des résultats
% des personnes avec chaque résultat
Percentile par nombre de réponses
Votre historique - résultats
Vous n’avez pas pris ce quiz